MARC

Tag First Indicator Second Indicator Subfields
LEADER 00000cam a22000008a 4500
001 in00000071315
005 20151008062146.0
008 810529s1981 nyu b 00100 eng
010 |a  81006564  
020 |a 0841907234 
020 |a 0841907242 (pkb.) 
035 |a (OCoLC)07576169 
035 |9 AAJ9644AM 
039 0 |a 2  |b 3  |c 3  |d 3  |e 3 
040 |a DLC  |c DLC  |d TXA  |d UtOrBLW 
043 |a e-uk---  |a e-uk-en 
049 |a TXAM  |c [1195888] 
050 0 0 |a PR457  |b .R645 1981 
082 0 |a 820/.9/007  |2 19 
245 0 4 |a The Romantics /  |c edited by Stephen Prickett. 
263 |a 8110 
264 1 |a New York, N.Y. :  |b Holmes & Meier,  |c 1981. 
300 |a 267 pages, 8 unnumbered pages of plates :  |b illustrations ;  |c 22 cm. 
336 |a text  |b txt  |2 rdacontent 
337 |a unmediated  |b n  |2 rdamedia 
338 |a volume  |b nc  |2 rdacarrier 
490 1 |a The Context of English literature 
504 |a Includes bibliographies and index. 
505 0 |a Introduction / Stephen Prickett -- England, 1782-1832 / Colin Brooks -- Romanticism in English art / Marcia Pointon -- The religious context / Stephen Prickett -- The roots of imagination / T.J. Diffey -- Romantic literature / Stephen Prickett. 
650 0 |a English literature  |y 19th century  |x History and criticism. 
650 0 |a Romanticism  |z England. 
650 0 |a English literature  |y 18th century  |x History and criticism. 
651 0 |a Great Britain  |x Civilization  |y 19th century. 
651 0 |a Great Britain  |x Civilization  |y 18th century. 
700 1 |a Prickett, Stephen. 
830 0 |a Context of English literature. 
999 |a MARS 
999 f f |s bf9bbcdd-92cd-365c-a466-22042bbb85ea  |i 7cc15074-71b4-3cc7-889f-36fbbd3e5b6b  |t 0 
952 f f |p ric  |a Texas A&M University  |b Rellis Campus  |c Joint Library Facility  |d Remote Storage  |t 0  |e PR457 .R645 1981  |h Library of Congress classification  |i unmediated -- volume  |m A14806182792 
998 f f |a PR457 .R645 1981  |t 0  |l Remote Storage